[Event "London Classic Open 2015"]
[Site "London ENG"]
[Date "2015.12.11"]
[Round "9.2"]
[White "Vakhidov, Jahongir"]
[Black "Postny, Evgeny"]
[Result "1/2-1/2"]
[WhiteTitle "GM"]
[BlackTitle "GM"]
[WhiteElo "2546"]
[BlackElo "2670"]
[WhiteFideId "14201801"]
[BlackFideId "2804344"]
[EventDate "2015.12.04"]

1. g3 d5 2. Nf3 c6 3. Bg2 Bg4 4. d3 Nf6 5. O-O e6 6. h3 Bxf3 7. Bxf3 Nbd7 8. Nc3
Bc5 9. e4 dxe4 10. Nxe4 Nxe4 11. Bxe4 Nf6 12. Bg2 Qc7 13. Qf3 O-O 14. c3 e5 15.
Re1 Rae8 16. b4 Bd6 17. a3 Qd7 18. c4 Bc7 19. Bg5 Re6 20. Rad1 h6 21. Be3 Bb6
22. h4 Qd8 23. Bh3 Ree8 24. Bd2 Bd4 25. h5 Nh7 26. Bf5 Ng5 27. Qg4 g6 28. hxg6
Bxf2+ 29. Kg2 Bxe1 30. gxf7+ Rxf7 31. Rxe1 Qf6 32. Rf1 Qg7 33. Be3 b6 34. d4 e4
35. d5 cxd5 36. cxd5 Nf3 37. Bxh6 Qxg4 38. Bxg4 Rh7 39. Rh1 Nd4 40. d6 Rd8 41.
d7 Rdxd7 42. Bxd7 Rxd7 43. Rd1 Rd5 44. Kf2 Kf7 45. Be3 Rf5+ 46. Bf4 Nb5 47. a4
Nc3 48. Rd7+ Ke8 49. Rxa7 Nd5 50. Rb7 Nxf4 51. gxf4 Rxf4+ 52. Ke3 Rf6 53. Kxe4
Kd8 54. Kd5 Rh6 55. Rf7 Rh4 56. b5 Kc8 57. Re7 Kb8 58. Re4 Rh5+ 59. Re5 Rh4 1/2-1/2

[Event "London Classic Open 2015"]
[Site "London ENG"]
[Date "2015.12.11"]
[Round "9.3"]
[White "Jumabayev, Rinat"]
[Black "Melkumyan, Hrant"]
[Result "1-0"]
[WhiteTitle "GM"]
[BlackTitle "GM"]
[WhiteElo "2599"]
[BlackElo "2654"]
[WhiteFideId "13702661"]
[BlackFideId "13302485"]
[EventDate "2015.12.04"]

1. Nf3 d5 2. d4 Nf6 3. c4 e6 4. Nc3 Be7 5. Bg5 h6 6. Bh4 O-O 7. Rc1 b6 8. Bxf6
Bxf6 9. cxd5 exd5 10. g3 Be6 11. Bg2 c5 12. O-O Nd7 13. dxc5 Bxc3 14. Rxc3 bxc5
15. Ne1 d4 16. Ra3 Rb8 17. Nd3 Qc7 18. Qd2 Qb6 19. b3 c4 20. bxc4 Bxc4 21. Rc1
Bb5 22. Nf4 Nf6 23. Rb1 a6 24. Rd3 Qc7 25. Rc1 Qe5 26. Rxd4 Rfc8 27. Rd1 Rc4 28.
Rxc4 Bxc4 29. Qc2 Bb5 30. Bf3 Qe8 31. Rc1 Qe5 32. Nd3 Qd4 33. Qc3 Qxc3 34. Rxc3
g5 35. h3 Rd8 36. Kf1 Rd4 37. Ke1 Bd7 38. Bg2 Bb5 39. Nc1 Ne4 40. Rc2 Nf6 41.
Bc6 Kg7 42. Bxb5 axb5 43. Rb2 Ne4 44. Nd3 Nc3 45. Kd2 Rc4 46. f3 Rc7 47. Rb3 b4
48. Nxb4 Nb5 49. Nd5 Rc5 50. Ne3 Nd4 51. Rb4 Ne6 52. a4 Ra5 53. Nc4 Rd5+ 54. Kc3
Rd1 55. Rb2 Ra1 56. a5 h5 57. h4 gxh4 58. gxh4 Nf4 59. Rd2 Ng6 60. Kb2 Ra4 61.
Kb3 Ra1 62. Ra2 Rb1+ 63. Kc2 Rb7 64. a6 Ra7 65. Nd6 Nxh4 66. Nb5 Ra8 67. a7 Nf5
68. Nc7 1-0

[Event "London Classic Open 2015"]
[Site "London ENG"]
[Date "2015.12.11"]
[Round "9.4"]
[White "Baron, Tal"]
[Black "Gharamian, Tigran"]
[Result "1/2-1/2"]
[WhiteTitle "GM"]
[BlackTitle "GM"]
[WhiteElo "2544"]
[BlackElo "2654"]
[WhiteFideId "2809958"]
[BlackFideId "13301527"]
[EventDate "2015.12.04"]

1. d4 Nf6 2. c4 e6 3. Nc3 Bb4 4. f3 O-O 5. a3 Bxc3+ 6. bxc3 Ne8 7. e4 Nc6 8. Bd3
b6 9. Nh3 e5 10. Bg5 f6 11. Be3 d6 12. Nf2 f5 13. g3 Kh8 14. Ra2 fxe4 15. Bxe4
Bd7 16. O-O Rb8 17. c5 Nf6 18. cxd6 cxd6 19. Bg5 exd4 20. cxd4 h6 21. Bf4 Be8
22. Bb1 Ne7 23. Ne4 Ned5 24. Bxd6 Nxe4 25. Bxf8 Nec3 1/2-1/2

[Event "London Classic Open 2015"]
[Site "London ENG"]
[Date "2015.12.11"]
[Round "9.5"]
[White "Edouard, Romain"]
[Black "Hawkins, Jonathan"]
[Result "0-1"]
[WhiteTitle "GM"]
[BlackTitle "GM"]
[WhiteElo "2627"]
[BlackElo "2569"]
[WhiteFideId "633429"]
[BlackFideId "412686"]
[EventDate "2015.12.04"]

1. d4 d5 2. c4 e6 3. Nf3 Nf6 4. Nc3 Be7 5. Bf4 O-O 6. a3 b6 7. e3 c5 8. dxc5
bxc5 9. Be2 Bb7 10. O-O Nbd7 11. Rc1 Nb6 12. cxd5 Nbxd5 13. Nxd5 exd5 14. Qc2
Rc8 15. Rfd1 Qb6 16. h3 Rfd8 17. Bg5 h6 18. Bh4 Ba6 19. Bxa6 Qxa6 20. Nd2 Qe6
21. Re1 Nd7 22. Bxe7 Qxe7 23. e4 d4 24. Nc4 Ne5 25. Nxe5 Qxe5 26. Qd3 Rb8 27.
Re2 Re8 28. f3 a5 29. Rec2 Rec8 30. b3 Rc6 31. Rc4 Qd6 32. Qc2 Rcb6 33. Rxc5 d3
34. Qc4 Rxb3 35. e5 Qb6 36. Kh2 Rxa3 37. Rc8+ Rxc8 38. Qxc8+ Kh7 39. Rc6 Qa7 40.
Rc7 Qb6 41. Rc6 Qa7 42. Ra6 Qe7 43. f4 Ra2 44. Ra8 Qe6 45. Qh8+ Kg6 46. Rg8 Kf5
47. Rxg7 Kxf4 48. Rg4+ Ke3 49. Rg3+ Ke2 50. Qd8 Qc4 51. Qb6 Qe4 52. Qb3 Rc2 53.
Qb5 h5 54. Rf3 a4 55. e6 fxe6 56. Qxh5 Ke1 57. Kg1 Qd4+ 58. Kh2 d2 59. Rf1+ Kxf1
60. Qd1+ Kf2 61. Qg1+ Ke2 62. Qxd4 d1=Q 63. Qe4+ Kf1 64. Qf4+ Rf2 65. Qc4+ Ke1
66. Qb4+ Qd2 67. Qe4+ Kf1 68. Qb1+ Qe1 69. Qb5+ Re2 70. Qc4 e5 71. Qd3 e4 0-1

[Event "London Classic Open 2015"]
[Site "London ENG"]
[Date "2015.12.11"]
[Round "9.7"]
[White "Hebden, Mark L"]
[Black "Sadzikowski, Daniel"]
[Result "0-1"]
[WhiteTitle "GM"]
[BlackTitle "IM"]
[WhiteElo "2469"]
[BlackElo "2506"]
[WhiteFideId "400084"]
[BlackFideId "1132253"]
[EventDate "2015.12.04"]

1. d4 d5 2. c4 e6 3. Nf3 Nf6 4. Bg5 h6 5. Bxf6 Qxf6 6. Nc3 c6 7. e3 g6 8. Bd3
Bg7 9. O-O O-O 10. e4 dxe4 11. Nxe4 Qd8 12. Qd2 f5 13. Nc5 b6 14. Nb3 c5 15.
dxc5 e5 16. Rad1 Nc6 17. cxb6 e4 18. Be2 axb6 19. c5 exf3 20. Bxf3 Bb7 21. Qe3
Qc8 22. cxb6 Ne5 23. Nd4 Nxf3+ 24. Nxf3 Qe8 25. Rd6 Qxe3 26. fxe3 Rxa2 27. Rc1
Rxb2 28. Rxg6 Rf6 29. Rg3 Rbxb6 30. Ne5 Bc6 31. h4 Kh7 32. h5 Re6 33. Ng6 Rd6
34. Nh4 Be5 35. Rg6 Bd7 36. Nf3 Bg7 37. Rc7 Rb1+ 38. Kf2 Rbd1 39. Rxd6 Rxd6 40.
Kg3 Rd5 41. Rb7 Kg8 42. Kf4 Bf6 43. e4 fxe4 44. Kxe4 Bc6 45. Rc7 Rc5+ 46. Kf4
Rc4+ 47. Kg3 Bd5 48. Rxc4 Bxc4 49. Kf4 Bb2 50. g4 Bc1+ 51. Kf5 Bd3+ 52. Ke5 Be2
53. Ke4 Kg7 54. Ne5 Kf6 55. Nf3 Bd1 56. Ne5 Kg5 57. Nd3 Bc2 58. Kd4 Bf4 0-1

[Event "London Classic Open 2015"]
[Site "London ENG"]
[Date "2015.12.11"]
[Round "9.8"]
[White "Cherniaev, Alexander"]
[Black "Grigoriants, Sergey"]
[Result "1/2-1/2"]
[WhiteTitle "GM"]
[BlackTitle "GM"]
[WhiteElo "2441"]
[BlackElo "2603"]
[WhiteFideId "4117301"]
[BlackFideId "4130804"]
[EventDate "2015.12.04"]

1. e4 c6 2. Nc3 d5 3. Qf3 dxe4 4. Nxe4 Nd7 5. d4 Ngf6 6. c3 g6 7. Bc4 Bg7 8.
Nxf6+ Nxf6 9. Qg3 Ne4 10. Qf4 Nd6 11. Bb3 a5 12. a4 Bf5 13. Nf3 Qb6 14. Ba2 Bc2
15. O-O O-O 16. Re1 Rae8 17. Ne5 Qd8 18. Qd2 Bf5 19. Qe2 Qc8 1/2-1/2

[Event "London Classic Open 2015"]
[Site "London ENG"]
[Date "2015.12.11"]
[Round "9.9"]
[White "Dragun, Kamil"]
[Black "Sagar, Shah"]
[Result "1-0"]
[WhiteTitle "GM"]
[BlackTitle "IM"]
[WhiteElo "2564"]
[BlackElo "2441"]
[WhiteFideId "1134167"]
[BlackFideId "5022509"]
[EventDate "2015.12.04"]

1. d4 Nf6 2. c4 e6 3. Nf3 b6 4. g3 Bb7 5. Bg2 Bb4+ 6. Bd2 c5 7. Bxb4 cxb4 8. a3
bxa3 9. Rxa3 O-O 10. O-O a5 11. Nc3 Na6 12. d5 Rc8 13. Ne5 d6 14. dxe6 Bxg2 15.
Nxf7 Qe7 16. Kxg2 Rxc4 17. Nxd6 Rb4 18. Nd5 Nxd5 19. Qxd5 Nc7 20. Qc6 Rf6 21.
Rc1 Nxe6 22. Qd5 h6 23. Rf3 Rxf3 24. exf3 Kh7 25. Qf5+ g6 26. Qe5 Qd7 27. Ne4
Rxe4 28. fxe4 Nc5 29. Rc3 1-0

[Event "London Classic Open 2015"]
[Site "London ENG"]
[Date "2015.12.11"]
[Round "9.10"]
[White "Hillarp Persson, Tiger"]
[Black "Williams, Simon K"]
[Result "1-0"]
[WhiteTitle "GM"]
[BlackTitle "GM"]
[WhiteElo "2521"]
[BlackElo "2439"]
[WhiteFideId "1700812"]
[BlackFideId "404454"]
[EventDate "2015.12.04"]

1. c4 e5 2. Nc3 Bb4 3. Nd5 Be7 4. d4 d6 5. e4 Nf6 6. Nxe7 Qxe7 7. f3 exd4 8.
Qxd4 Nc6 9. Qe3 O-O 10. Ne2 a5 11. Nc3 Nb4 12. Qd2 Nd7 13. a3 Nc6 14. Nd5 Qd8
15. Qc3 f5 16. exf5 Ne7 17. g4 Nxd5 18. cxd5 Qh4+ 19. Kd1 Ne5 20. Bf4 Qf2 21.
Bg3 Qb6 22. Bxe5 dxe5 23. Bd3 Bd7 24. Ke2 Bb5 25. Bxb5 Qxb5+ 26. Kf2 Rad8 27.
Rad1 Rxd5 28. Rxd5 Qxd5 29. Re1 Re8 30. Re4 c6 31. h4 b5 32. Qe3 Qa2 33. Qe2 Qb3
34. Rxe5 Rxe5 35. Qxe5 Qc2+ 36. Kg3 Kf8 37. f6 gxf6 38. Qxf6+ Ke8 39. h5 Kd7 40.
Qd4+ Kc7 41. Kf4 c5 42. Qe5+ Kb6 43. Qe6+ Kc7 44. Qe4 Qc1+ 45. Kg3 Kd6 46. Qf4+
Qxf4+ 47. Kxf4 c4 48. Ke4 1-0

[Event "London Classic Open 2015"]
[Site "London ENG"]
[Date "2015.12.11"]
[Round "9.11"]
[White "D'Costa, Lorin A R"]
[Black "Vishnu Prasanna, V"]
[Result "0-1"]
[WhiteTitle "IM"]
[BlackTitle "GM"]
[WhiteElo "2418"]
[BlackElo "2514"]
[WhiteFideId "409219"]
[BlackFideId "5030692"]
[EventDate "2015.12.04"]

1. Nf3 d5 2. c4 d4 3. g3 Nc6 4. Bg2 e5 5. d3 Bb4+ 6. Bd2 a5 7. O-O Nf6 8. Na3
O-O 9. Nc2 Be7 10. a3 a4 11. Nb4 Nd7 12. e3 dxe3 13. fxe3 Ndb8 14. Bc3 Bd6 15.
d4 e4 16. Nd2 f5 17. Qe2 b6 18. Rf2 Nxb4 19. axb4 c5 20. bxc5 bxc5 21. dxc5 Bxc5
22. b4 Be7 23. c5 Be6 24. Ra3 Nd7 25. Nc4 Qb8 26. Bf1 Nxc5 27. bxc5 Bxc5 28. Bd4
Bxa3 29. Nxa3 Rc8 30. Qh5 Qb7 31. g4 fxg4 32. Qe5 Bb3 33. Rf4 Re8 34. Qb5 Qxb5
35. Bxb5 Rec8 36. Rxg4 Rc1+ 37. Kg2 g6 38. Rg5 Rf8 39. Re5 Rd1 40. Nc4 Rc8 41.
Nd6 Rc2+ 42. Kh3 Rxd4 43. exd4 a3 44. Rxe4 a2 45. Re1 Rb2 46. Bd3 Be6+ 47. Rxe6
a1=Q 48. Bc4 Kg7 49. Re7+ Kf6 50. Re6+ Kg5 51. Nf7+ Kf4 0-1

[Event "London Classic Open 2015"]
[Site "London ENG"]
[Date "2015.12.11"]
[Round "9.12"]
[White "Gledura, Benjamin"]
[Black "Houska, Jovanka"]
[Result "1-0"]
[WhiteTitle "IM"]
[BlackTitle "IM"]
[WhiteElo "2513"]
[BlackElo "2409"]
[WhiteFideId "712779"]
[BlackFideId "405094"]
[EventDate "2015.12.04"]

1. d4 d5 2. c4 e6 3. Nf3 Nf6 4. g3 Be7 5. Bg2 O-O 6. O-O dxc4 7. Qc2 a6 8. a4
Bd7 9. Ne5 Nc6 10. Qxc4 Nxe5 11. dxe5 Nd5 12. Nc3 c6 13. a5 b5 14. axb6 Qxb6 15.
Qg4 Qc7 16. Rd1 Rfd8 17. Bf4 Nxc3 18. bxc3 Be8 19. Rxd8 Bxd8 20. h4 a5 21. h5 a4
22. h6 g6 23. Bg5 Qxe5 24. Bxd8 Rxd8 25. Rxa4 Qxc3 26. Qf4 Kf8 27. Kh2 Qc2 28.
Re4 Ke7 29. Bh3 Rd5 30. Re3 g5 31. Qb4+ c5 32. Qb7+ Rd7 33. Qc8 Rd6 34. Re5 Qc4
35. Rxg5 Qxe2 36. Qxc5 Bc6 37. Bg2 Bxg2 38. Kxg2 Qe4+ 39. Kh2 Kf6 40. Rg7 Rd5
41. Qc3+ Re5 42. g4 Qf4+ 43. Kg1 Qe4 44. Kh2 Qf4+ 45. Kg2 Qe4+ 46. Kg3 Qe2 47.
Qd4 Ke7 48. Qa7+ Kd6 49. Rxf7 Qb5 50. Qc7+ Kd5 51. Rd7+ 1-0

[Event "London Classic Open 2015"]
[Site "London ENG"]
[Date "2015.12.11"]
[Round "9.13"]
[White "Blomqvist, Erik"]
[Black "Martins, David Pires Tavares"]
[Result "1/2-1/2"]
[WhiteTitle "GM"]
[BlackTitle "FM"]
[WhiteElo "2493"]
[BlackElo "2372"]
[WhiteFideId "1709437"]
[BlackFideId "1909991"]
[EventDate "2015.12.04"]

1. e4 d6 2. d4 Nf6 3. Nc3 g6 4. f4 Bg7 5. Nf3 O-O 6. e5 dxe5 7. fxe5 Nd5 8. Bc4
Be6 9. Bb3 c5 10. Ne2 cxd4 11. Nexd4 Nc6 12. Nxe6 fxe6 13. Qe2 Qb6 14. Qe4 Nxe5
15. Nxe5 Qf2+ 16. Kd1 Bxe5 17. Qxe5 Rad8 18. Qxe6+ Kh8 19. Bxd5 Qd4+ 20. Ke2
Rxd5 21. Be3 Qc4+ 22. Ke1 Rd1+ 23. Rxd1 Qxe6 24. Rd3 Qxa2 25. Ke2 Qc4 26. Kd2 e5
27. Re1 Rc8 28. c3 Qg4 29. Re2 b6 30. Rd5 Re8 31. Bd4 Qf4+ 32. Kc2 Kg8 33. Rdxe5
Rxe5 34. Bxe5 Qg4 35. Kd2 Kf7 36. h3 Qg5+ 37. Ke1 Qc1+ 38. Kf2 b5 39. b4 a6 40.
Bd4 Qa1 41. h4 a5 42. bxa5 b4 43. a6 Qxa6 44. cxb4 Qc4 45. Re4 Qxb4 1/2-1/2

[Event "London Classic Open 2015"]
[Site "London ENG"]
[Date "2015.12.11"]
[Round "9.14"]
[White "Krishna C R G"]
[Black "Fodor, Tamas Jr."]
[Result "0-1"]
[WhiteTitle "IM"]
[BlackTitle "GM"]
[WhiteElo "2367"]
[BlackElo "2492"]
[WhiteFideId "5018625"]
[BlackFideId "723762"]
[EventDate "2015.12.04"]

1. Nf3 d5 2. d4 Bf5 3. c4 e6 4. Qb3 Nc6 5. Bd2 Rb8 6. e3 Nf6 7. Bd3 Ne4 8. O-O
Bd6 9. Rc1 O-O 10. Be1 Bg6 11. Na3 a6 12. Rab1 Kh8 13. Qd1 f5 14. c5 Be7 15. b4
f4 16. Nc2 fxe3 17. fxe3 Bg5 18. a4 Qf6 19. Rb3 Bh5 20. Be2 Ne7 21. h3 Qh6 22.
g4 Be8 23. h4 Bxa4 24. hxg5 Qh3 25. Ra3 Qxg4+ 26. Kh2 Bb5 27. Ng1 Qxg5 28. Nh3
Qh6 29. Bxb5 axb5 30. Qg4 Nf5 31. Rca1 g5 32. c6 bxc6 33. Ra6 Rg8 34. Kg1 Nf6
35. Qg2 Nh4 36. Qg3 g4 37. Nf2 Nf3+ 38. Kg2 Nh5 39. Qxc7 Rbf8 40. Ra7 Qg6 41.
R1a2 g3 42. Ng4 Qe4 0-1

[Event "London Classic Open 2015"]
[Site "London ENG"]
[Date "2015.12.11"]
[Round "9.15"]
[White "Andersen, Mads"]
[Black "Beinoras, Mindaugas"]
[Result "1/2-1/2"]
[WhiteTitle "IM"]
[BlackTitle "IM"]
[WhiteElo "2474"]
[BlackElo "2344"]
[WhiteFideId "1413864"]
[BlackFideId "12802085"]
[EventDate "2015.12.04"]

1. Nf3 d5 2. c4 d4 3. b4 f6 4. Na3 e5 5. Nc2 c5 6. bxc5 Bxc5 7. d3 Nc6 8. g3
Nge7 9. Bg2 O-O 10. Rb1 Qc7 11. Nd2 Ng6 12. O-O Be6 13. Nb3 Bd6 14. e3 dxe3 15.
Nxe3 Rad8 16. Qe2 b6 17. Bb2 Qd7 18. Rfd1 Rfe8 19. Qf3 Rc8 20. Qh5 Bc5 21. Nxc5
bxc5 22. Be4 Nce7 23. Bg2 Nf5 24. Nxf5 Bxf5 25. h3 Ne7 26. Kh2 Qa4 27. Qe2 Nc6
28. Bc3 Nd4 29. Bxd4 exd4 30. Bd5+ Kh8 31. Qf3 Bg6 32. Rd2 Qa5 33. Qd1 1/2-1/2

[Event "London Classic Open 2015"]
[Site "London ENG"]
[Date "2015.12.11"]
[Round "9.16"]
[White "Galyas, Miklos"]
[Black "Cox, John J"]
[Result "1-0"]
[WhiteTitle "IM"]
[BlackTitle "IM"]
[WhiteElo "2465"]
[BlackElo "2342"]
[WhiteFideId "707244"]
[BlackFideId "401064"]
[EventDate "2015.12.04"]

1. g3 c5 2. Bg2 Nc6 3. c4 g6 4. Nc3 Bg7 5. e3 e6 6. Nge2 Nge7 7. O-O O-O 8. d4
cxd4 9. Nxd4 Nxd4 10. exd4 d5 11. cxd5 Nxd5 12. Re1 b6 13. Nxd5 exd5 14. Bf4 Be6
15. Qa4 Qe8 16. Qb4 Qd7 17. Bf1 Qb7 18. Qa4 a6 19. Rac1 b5 20. Qb4 Rfc8 21. Bd6
Qd7 22. Rxc8+ Rxc8 23. Bc5 Bh3 24. Bxh3 Qxh3 25. Qa5 Ra8 26. Qc7 Qg4 27. Qc6 Qc8
28. Qxd5 Bf6 29. b4 h5 30. Qf3 Kg7 31. h4 a5 32. a3 axb4 33. axb4 Ra2 34. d5 Rd2
35. d6 Qd7 36. Kg2 Qf5 37. Qxf5 gxf5 38. Kf3 Bd4 39. Re2 Rd3+ 40. Kg2 Kf6 41.
Re8 Be5 42. Rh8 Ke6 43. Re8+ Kf6 44. Rb8 Bxd6 45. Rxb5 Bxc5 46. Rxc5 Ke6 47. b5
Rb3 48. Rc6+ Ke5 49. Rh6 Rxb5 50. Rxh5 Rb7 51. Rg5 Ke6 52. Rg8 f6 53. Rh8 Rg7
54. h5 Kf7 55. Kf3 Rg5 56. Rh7+ Kg8 57. Rh6 Kf7 58. Kf4 Ke6 59. Rh7 Rg4+ 60. Kf3
Rg5 61. Ke3 Rg4 62. h6 f4+ 63. Kf3 fxg3 64. fxg3 Kf5 65. Rg7 Ra4 66. h7 Ra3+ 67.
Kf2 Ra2+ 68. Ke3 Rh2 69. Kd4 Ke6 70. g4 Rh1 71. Kc5 Ke5 72. Kc6 Ke6 73. Kc7 Rh6
74. Kd8 Ke5 75. Ke8 1-0

[Event "London Classic Open 2015"]
[Site "London ENG"]
[Date "2015.12.11"]
[Round "9.17"]
[White "Georgescu, Tiberiu-Marian"]
[Black "Nguyen, Piotr"]
[Result "0-1"]
[WhiteTitle "GM"]
[WhiteElo "2453"]
[BlackElo "2329"]
[WhiteFideId "1213300"]
[BlackFideId "1127993"]
[EventDate "2015.12.04"]

1. d4 f5 2. Bg5 g6 3. Nc3 Bg7 4. h4 h6 5. Bf4 Nf6 6. e3 d6 7. Qf3 Nc6 8. O-O-O
e6 9. Qg3 Kf7 10. Bc4 Qe7 11. Nge2 Na5 12. Bd3 e5 13. e4 fxe4 14. dxe5 Nh5 15.
exd6 cxd6 16. Qe3 exd3 17. Qxd3 Be6 18. Nd5 Qd7 19. Bxd6 Bf5 20. Qf3 Qa4 21. Nb4
Rhc8 22. Qd5+ Be6 23. Qf3+ Kg8 24. g4 Nf6 25. g5 Ne8 26. Qe4 Bf5 27. Qd5+ Kh7
28. Nc3 Bxc3 29. bxc3 Qa3+ 30. Kb1 Nc4 31. Qxb7+ Rc7 0-1

[Event "London Classic Open 2015"]
[Site "London ENG"]
[Date "2015.12.11"]
[Round "9.18"]
[White "Bartholomew, John"]
[Black "Karthik, V. AP"]
[Result "1/2-1/2"]
[WhiteTitle "IM"]
[WhiteElo "2443"]
[BlackElo "2310"]
[WhiteFideId "2019353"]
[BlackFideId "25006479"]
[EventDate "2015.12.04"]

1. Nf3 Nf6 2. g3 b6 3. Bg2 Bb7 4. O-O c5 5. c4 g6 6. d4 cxd4 7. Qxd4 Bg7 8. Nc3
d6 9. Rd1 Nbd7 10. Be3 Rc8 11. Rac1 a6 12. b3 O-O 13. Qd2 Ng4 14. Ne1 Nxe3 15.
Qxe3 Bxg2 16. Nxg2 Re8 17. a4 Nc5 18. Na2 e6 19. Qf3 Qc7 20. Nf4 Red8 21. Nb4
Rd7 22. Rc2 Qb8 23. Rb1 Rdc7 24. Nfd3 Rd7 25. Nf4 Rdc7 26. Nfd3 Rd7 27. Nf4 1/2-1/2

[Event "London Classic Open 2015"]
[Site "London ENG"]
[Date "2015.12.11"]
[Round "9.19"]
[White "Wells, Peter K"]
[Black "Bukojemski, Adam"]
[Result "1-0"]
[WhiteTitle "GM"]
[WhiteElo "2442"]
[BlackElo "2243"]
[WhiteFideId "400327"]
[BlackFideId "1114620"]
[EventDate "2015.12.04"]

1. e4 c5 2. Nf3 Nc6 3. Bb5 g6 4. Bxc6 dxc6 5. d3 Bg7 6. Nc3 e5 7. Be3 b6 8. h3
Be6 9. a3 Qd6 10. O-O Rd8 11. Ng5 Bc8 12. f4 f6 13. fxe5 Qxe5 14. Nf3 Qc7 15.
Qd2 Ne7 16. b4 cxb4 17. axb4 O-O 18. Ra3 f5 19. e5 Be6 20. Bh6 Nc8 21. Bxg7 Qxg7
22. b5 c5 23. Ra4 h6 24. h4 Rd7 25. Ne2 Bd5 26. Nf4 Ne7 27. Re1 Rc8 28. e6 Rdc7
29. Ne5 Qf6 30. Nexg6 c4 31. Nxe7+ Rxe7 32. Nxd5 Qd4+ 33. Qe3 Qxd5 34. Qxh6 Rg7
35. Re2 Qf3 36. Qxg7+ 1-0

[Event "London Classic Open 2015"]
[Site "London ENG"]
[Date "2015.12.11"]
[Round "9.20"]
[White "Prosviriakov, Vladimir"]
[Black "Rambaldi, Francesco"]
[Result "0-1"]
[WhiteTitle "IM"]
[BlackTitle "GM"]
[WhiteElo "2232"]
[BlackElo "2560"]
[WhiteFideId "2004860"]
[BlackFideId "20657307"]
[EventDate "2015.12.04"]

1. e4 e6 2. f4 d5 3. e5 c5 4. Nf3 Nc6 5. c3 Nh6 6. Na3 Bd7 7. Nc2 Qb6 8. d3 f6
9. g3 Be7 10. Bg2 O-O 11. exf6 Bxf6 12. O-O Rae8 13. Ne3 g6 14. Kh1 Nf7 15. Qc2
Bg7 16. Bd2 Qc7 17. c4 Qd6 18. cxd5 exd5 19. Qb3 b6 20. Qxd5 Qxd5 21. Nxd5 Bxb2
22. Rae1 Bg7 23. Bc3 Bxc3 24. Nxc3 Kg7 25. Rxe8 Rxe8 26. Re1 Rd8 27. Nd5 h6 28.
Nd2 Bh3 29. Bxh3 Rxd5 30. Re6 Rxd3 31. Rxc6 Rxd2 32. Rc7 Kf6 33. Rxa7 Nd6 34. a4
Ne4 35. Rc7 Rd4 36. Rc6+ Rd6 37. Rc7 Nd2 38. Bc8 Nc4 39. Kg2 Na5 40. Kf3 Rd3+
41. Ke2 Rd6 42. g4 Rd4 43. Kf3 Rd3+ 44. Ke4 Rd4+ 45. Kf3 g5 46. fxg5+ hxg5 47.
Rd7 Rf4+ 48. Ke2 Rxg4 49. Rd6+ Ke5 50. Rxb6 Rxa4 51. Rg6 Kf4 52. Rf6+ Ke4 53.
Re6+ Kd4 54. Rd6+ Ke4 55. Re6+ Kd4 56. Rd6+ Kc3 57. Rd5 Kb4 58. Rxg5 Ra2+ 59.
Kf3 Rxh2 60. Be6 Nc6 61. Rg4+ Nd4+ 62. Kg3 Re2 63. Bd5 Re5 64. Bg8 Kc3 65. Kf4
Re8 66. Rg3+ Kb4 67. Rg4 Kb5 68. Bd5 Rd8 69. Ke5 Nc6+ 70. Ke6 Nd4+ 71. Ke5 Re8+
72. Kd6 Nf5+ 73. Kd7 Re7+ 74. Kd8 Re5 75. Bb3 Nd4 76. Bf7 Nc6+ 77. Kc8 Re7 78.
Bd5 Kb6 79. Bxc6 Kxc6 80. Kd8 Rh7 81. Rg1 c4 0-1

[Event "London Classic Open 2015"]
[Site "London ENG"]
[Date "2015.12.11"]
[Round "9.21"]
[White "Paterek, Michal"]
[Black "Westerberg, Jonathan"]
[Result "1/2-1/2"]
[WhiteTitle "FM"]
[BlackTitle "IM"]
[WhiteElo "2293"]
[BlackElo "2497"]
[WhiteFideId "1116142"]
[BlackFideId "1701754"]
[EventDate "2015.12.04"]

1. d4 d5 2. Nf3 Nf6 3. g3 g6 4. Bg2 Bg7 5. O-O O-O 6. c4 e6 7. Nbd2 b6 8. cxd5
exd5 9. b4 Re8 10. Nb3 Qe7 11. Bf4 c6 12. Bxb8 Rxb8 13. Ne5 Bb7 14. Rc1 Rbc8 15.
a3 Ne4 16. Nd3 Ba6 17. Re1 Bc4 18. e3 h5 19. Nf4 b5 20. Na5 Qf6 21. Nxc4 bxc4
22. Bxe4 Rxe4 23. Qa4 Re7 24. b5 Bh6 25. Qa6 Rd8 26. bxc6 Rc7 27. Ne2 Qxc6 28.
Qa5 Rcd7 29. Rb1 h4 30. Nc3 Qf6 31. Qa4 Bf8 32. Rb5 h3 33. f4 Qe6 34. Qa5 Bg7
35. Kf2 Qf5 36. Re2 g5 37. Nxd5 Qe4 38. Nc3 Qg2+ 39. Ke1 Qg1+ 40. Kd2 gxf4 41.
gxf4 a6 42. Rg5 Qa1 43. Qe5 f6 44. Qxf6 Qb2+ 45. Kd1 Qxc3 46. Rxg7+ Rxg7 47.
Qxd8+ Kh7 48. Qh4+ Kg8 49. Qd8+ Kh7 50. Qh4+ Kg8 1/2-1/2

[Event "London Classic Open 2015"]
[Site "London ENG"]
[Date "2015.12.11"]
[Round "9.22"]
[White "Kjartansson, Gudmundur"]
[Black "Englert, Fabian"]
[Result "0-1"]
[WhiteTitle "IM"]
[BlackTitle "FM"]
[WhiteElo "2477"]
[BlackElo "2350"]
[WhiteFideId "2301318"]
[BlackFideId "24614467"]
[EventDate "2015.12.04"]

1. c4 c5 2. g3 g6 3. Bg2 Bg7 4. Nc3 Nc6 5. Nf3 d6 6. a3 e6 7. b4 Nge7 8. Rb1 O-O
9. O-O b6 10. Qc2 Bb7 11. e3 Nf5 12. Rd1 Qe7 13. Ne2 e5 14. Nc3 Qd7 15. d3 Nfe7
16. Ne2 Rac8 17. Bd2 f5 18. Bc3 Qc7 19. d4 cxd4 20. exd4 exd4 21. Nfxd4 Nxd4 22.
Bxd4 Bxg2 23. Kxg2 Qxc4 24. Qxc4+ Rxc4 25. Bxg7 Kxg7 26. Rxd6 Rf7 27. Nf4 Rc6
28. Rbd1 Rxd6 29. Rxd6 Ng8 30. Ne6+ Kh6 31. Rd4 Nf6 32. b5 Re7 33. Rh4+ Nh5 34.
Nd8 f4 35. Nc6 Re4 36. f3 Re2+ 37. Kf1 Re3 38. g4 Kg5 39. Rh3 Nf6 40. Nd8 Re7
41. Nc6 Re8 42. Nxa7 h5 43. Nc6 Nd5 44. Nd4 h4 45. Nb3 Ne3+ 46. Kf2 Rd8 47. Ke2
Nc4 48. a4 Rd5 49. Nc1 Nb2 50. Nb3 Nxa4 51. Nd2 Nc3+ 52. Ke1 Rxb5 53. Ne4+ Nxe4
54. fxe4 Kxg4 55. Rd3 f3 56. Kf2 Rb2+ 57. Kg1 Rg2+ 58. Kh1 Re2 59. Kg1 Rxe4 60.
Rd6 Re1+ 61. Kf2 Re2+ 62. Kg1 g5 63. Rxb6 Kh3 64. Rb3 g4 0-1

[Event "London Classic Open 2015"]
[Site "London ENG"]
[Date "2015.12.11"]
[Round "9.23"]
[White "Stephan, Axel"]
[Black "Wegerle, Joerg"]
[Result "0-1"]
[BlackTitle "IM"]
[WhiteElo "2222"]
[BlackElo "2440"]
[WhiteFideId "4632834"]
[BlackFideId "4644743"]
[EventDate "2015.12.04"]

1. Nf3 Nf6 2. g3 b5 3. a4 b4 4. Bg2 Bb7 5. O-O e6 6. d3 Be7 7. e4 d6 8. Nbd2
Nbd7 9. Qe2 O-O 10. Ne1 d5 11. e5 Ne8 12. f4 a5 13. Ndf3 g6 14. Ng5 Ng7 15. Nef3
Ra6 16. g4 f6 17. exf6 Bxf6 18. Nh3 c5 19. Rb1 Qc7 20. Be3 e5 21. b3 Re6 22. Qf2
Ree8 23. Qg3 e4 24. dxe4 d4 25. Bd2 Bxe4 26. Nfg5 Bxg5 27. Nxg5 Bxg2 28. Qxg2
Nf6 29. f5 h6 30. Nf3 Re4 31. h3 g5 32. Rbe1 Rfe8 33. Rxe4 Rxe4 34. Nxg5 hxg5
35. Bxg5 Nge8 36. Bxf6 Nxf6 37. g5 Re3 38. Rf3 Nd5 39. f6 Qe5 40. f7+ Kf8 41. g6
Re1+ 42. Rf1 Rxf1+ 43. Qxf1 Qg3+ 44. Qg2 Qxg2+ 45. Kxg2 c4 46. bxc4 d3 0-1